| 000 | 00439cam a2200181ua 4500 | ||
|---|---|---|---|
| 001 | 11384 | ||
| 008 | 190917n ii |||gr||||Z||||||eng | ||
| 020 | _a9789386053787 | ||
| 040 | _cMAIN | ||
| 041 | _aeng | ||
| 082 | _a330.954 | ||
| 100 |
_aS K Mishra, _eAuthor. |
||
| 245 |
_aIndian economy and economic reforms _cBy S K Mishra |
||
| 260 |
_aNew Delhi: _bWisdom press, _c2018. |
||
| 300 | _a222p. | ||
| 653 | _aEconomics | ||
| 942 | _cBK | ||
| 999 |
_c10226 _d10226 |
||